ბათუმის შოთა რუსთაველის სახელმწიფო უნივერსიტეტის ბიბლიოთეკა

System der positiven Politik. Band 1.2. (ბიბ.ჩანაწერი № 37723)

000 -LEADER
fixed length control field 00588nam a2200205Ia 4500
001 - CONTROL NUMBER
control field 3698
003 - CONTROL NUMBER IDENTIFIER
control field GE_BSU
005 - DATE AND TIME OF LATEST TRANSACTION
control field 20190628202341.0
008 - FIXED-LENGTH DATA ELEMENTS--GENERAL INFORMATION
fixed length control field 181216s2007||||gw |||||||||||||| ||goh||
020 ## - INTERNATIONAL STANDARD BOOK NUMBER
International Standard Book Number 9783851324235
040 ## - CATALOGING SOURCE
Transcribing agency GE_BSU
041 ## - LANGUAGE CODE
Language code of text/sound track or separate title goh
080 ## - UNIVERSAL DECIMAL CLASSIFICATION NUMBER
Universal Decimal Classification number 32(430) C-80
100 ## - MAIN ENTRY--PERSONAL NAME
Personal name Comte, Auguste
9 (RLIN) 3109
245 ## - TITLE STATEMENT
Title System der positiven Politik. Band 1.2.
Statement of responsibility, etc. Aus dem Franz. übersetzt und mit Anmerkungen versehen von Jürgen Brankel.
264 ## - PRODUCTION, PUBLICATION, DISTRIBUTION, MANUFACTURE, AND COPYRIGHT NOTICE
Place of production, publication, distribution, manufacture Wien:
Name of producer, publisher, distributor, manufacturer Turia + Kant,
Date of production, publication, distribution, manufacture, or copyright notice 2007.
300 ## - PHYSICAL DESCRIPTION
Extent 294 p.
Other physical details 24 см.
653 ## - INDEX TERM--UNCONTROLLED
keyword პოლიტიკა
942 ## - ADDED ENTRY ELEMENTS (KOHA)
Koha item type წიგნი
Source of classification or shelving scheme
ეგზემპლარები
Withdrawn status Lost status Source of classification or shelving scheme Damaged status Not for loan Permanent Location Current Location Shelving location Date acquired Full call number Barcode Date last seen Copy number Price effective from Koha item type Public note
          ბათუმის შოთა რუსთაველის სახელმწიფო უნივერსიტეტის მთავარი ბიბლიოთეკა ბათუმის შოთა რუსთაველის სახელმწიფო უნივერსიტეტის მთავარი ბიბლიოთეკა წიგნსაცავი 2018-12-17 32(430) C-80 5297 2018-12-17 5297 2018-12-17 წიგნი